000 00609nam a2200229Ia 4500
003 OSt
005 20220924114524.0
006 a|||||r|||| 00| 0
007 ta
008 220923b |||||||| |||| 00| 0 ara d
024 _a337928
037 _cTextual
040 _aARTS
_cARTS
_bara
041 _2ara
_aara
082 _aO28,2M89x, K8
100 _aNaima Maikhail Au.
_9174031
245 0 _aAyyub
260 _aBeirut
_bDar-e-sadir Lebanon
_c1968
650 _aARABIC DRAMA
_9174032
942 _hO28,2M89x, K8
_cTEXL
_2CC
999 _c393998
_d393998